| 000 | 00485nam a2200157Ia 4500 | ||
|---|---|---|---|
| 999 |
_c12723 _d12723 |
||
| 082 | _aRR 004.6165 DIG- | ||
| 245 | 0 | _aDigital computer user's handbook | |
| 260 |
_aLondon _bMcGraw-Hill _c1967 |
||
| 300 | _avi, 430p. | ||
| 650 | _aComputer science - Handbooks, manuals, etc. | ||
| 650 | _aDigital computer simulation - Handbooks, manuals, etc. | ||
| 650 | _aAlgebras, Linear - Handbooks, manuals, etc. | ||
| 700 | _aKorn, Granino A. | ||
| 700 | _aKlerrer, Melvin | ||
| 942 |
_cBK _2ddc |
||